| 000 | 00773nac a22002291u 4500 | ||
|---|---|---|---|
| 020 | _a9781844803545 | ||
| 022 | _a1844803546 | ||
| 082 |
_a004.22 _bHAL |
||
| 090 |
_c10023 _d10023 |
||
| 100 | _aHall, Pat. | ||
| 245 |
_aManaging The Software Enterprise: _bSoftware Engineering And Information Systems In Context / _cPat Hall, Juan Fernandez - Ramil. |
||
| 260 |
_aLondon: _bThomson,c.2007. _cc.2007. |
||
| 300 |
_a441p: _bill; _c26cm. |
||
| 500 | _aIncludes Glossary & Index. | ||
| 500 | _aDistributer: Al-Ahram. | ||
| 511 | _aCatalogued By: Mahitab. | ||
| 650 | _aDatabase management. | ||
| 650 | _aWeb services. | ||
| 650 | _aComputer architecture. | ||
| 700 | _aFernandez- Ramel, Juan. | ||
| 942 |
_cBB _k004.22HAL |
||
| 999 |
_c10023 _d10023 |
||